Political dejection in a divided society

Titel: Political dejection in a divided society : a challenge for Latvia’s democracy? / Timofey Agarin & Ryo Nakai
Verfasser: ;
In: Journal of Baltic studies, Band 52, Heft 4 (2021), Seite 521-546
alle Artikel anzeigen
Veröffentlicht: 2021
Umfang: Diagramme
Format: Aufsatz
Sprache: Englisch
Schlagworte:
Kein Bild verfügbar
X
alg: 48885424
001A    $03025:14-12-21 
001B    $01999:14-12-21 $t22:39:52.000 
001D    $03025:14-12-21 
001U    $0utf8 
001X    $00 
002@    $0Oou 
002C    $aText $btxt $2rdacontent 
002D    $aComputermedien $bc $2rdamedia 
002E    $aOnline-Ressource $bcr $2rdacarrier 
003@    $0488854245 
004P    $010.1080/01629778.2021.1968917 
007A    $0488854245 $aHEB 
009Q    $uhttps://doi.org/10.1080/01629778.2021.1968917 $xH 
010@    $aeng 
010E    $erda 
011@    $a2021 
021A    $aPolitical dejection in a divided society $da challenge for Latvia’s democracy? $hTimofey Agarin & Ryo Nakai 
028A    $BVerfasser $#Agarin, Timofei $#Aгарин, Tимофей $4aut $7106021153X $8Agarin, Timofey$Z1979- [Tp3] $9349123713 
028C    $BVerfasser $4aut $8Nakai, Ryo [Tnu] $9488854091 
031A    $d52 $e4 $g26 $h521-546 $j2021 
034M    $aDiagramme 
039B    $aEnthalten in $8--Obvc--. Journal of Baltic studies. - London {[u.a.] : Routledge, part of the Taylor & Francis Group, 1972-. - Online-Ressource. - ISSN 1751-7877 $x202100000520004479 $9181873397 
044K    $#Lettland $#Lettland $#Latvija $#Latvijas Republika $#Lettische Republik $#Lettische SSR $#Latvijskaja SSR $74074187-4 $8Lettland [Tg1] $9085208876 
044K    $RWahl $#Parlements Élections... $#Parlamentswahl $#Parlament Wahl $74173374-5 $8Parlamentswahl [Ts1] $908580455X 
044K    $#Minorités Politique publique $#Minderheitenpolitik $#Minderheitenpolitik $#Nationale Minderheit Politik $74170001-6 $8Minderheitenpolitik [Ts1] $9085777463 
044K    $RLettin $#Latvians $#Lettons $#Lette $74111273-8 $8Letten [Ts1] $9085328669 
044K    $RRussin $#Russians $#Russes $#Russen $#Russe $#Russkije $#Großrussen $74051034-7 $8Russen [Ts1] $9085142204 
044K    $RResignation $74175036-6 $8Politische Resignation [Ts1] $9085817961 
044K    $RHerrschaftssystem $RParteienstaat $RRepublik $RVolkssouveränität $RDemokratische Bewegung $RDemokrat $RPostdemokratie $#Democracy $#Démocratie $#Volksherrschaft $#Demokratischer Staat $#Democracy $74011413-2 $8Demokratie [Ts1] $9085023183 
044K    $RBild $RGesellschaftliches Bewusstsein $#Gesellschaftsbild $74157063-7 $8Gesellschaftsbild [Ts1] $9085673684 
044K    $#Abspaltung $74257311-7 $8Spaltung [Ts1] $9086367390 
045F    $a909 $eDDC23BSB 
045F/01 $a909 
045F/03 $f0905 
045F/03 $g4796 
045T    $a7,41 

lok: 48885424 78

exp: 48885424 78 1 #EPN
201B/01 $014-12-21 $t16:19:35.000 
201C/01 $014-12-21 
201U/01 $0utf8 
203@/01 $01175155284 
208@/01 $a14-12-21 $be 
209A/01 $a/ $f000 $x00 
209A/01 $ab*p $x01 
220C/01 $akoe 
247C/01 $82080>Marburg/Lahn, Herder-Institut, Forschungsbibliothek, Bibliographieportal $9336309341
LEADER 00000caa a2200000 c 4500
001 488854245
003 DE-603
005 20211214223952.0
007 cr||||||||||||
008 211214s2021 xx |||| o| u00||u|eng c
024 7 |a 10.1080/01629778.2021.1968917  |2 doi 
035 |a (DE-599)HEB488854245 
040 |a DE-603  |b ger  |c DE-603  |d DE-603  |e rda 
041 |a eng 
082 0 4 |8 1\u  |a 909  |q DE-101  |2 23/BSB 
084 |a 7,41  |2 ssgn 
085 |8 1\u  |b 909 
085 |8 1\u  |z 1  |s 0905 
085 |8 1\u  |z 2  |s 4796 
100 1 |a Agarin, Timofey  |d 1979-  |e Verfasser  |4 aut  |0 (DE-603)349123713  |0 (DE-588)106021153X  |2 gnd 
245 0 0 |a Political dejection in a divided society  |b a challenge for Latvia’s democracy?  |c Timofey Agarin & Ryo Nakai 
264 0 |c 2021 
300 |b Diagramme 
336 |a Text  |b txt  |2 rdacontent 
337 |a Computermedien  |b c  |2 rdamedia 
338 |a Online-Ressource  |b cr  |2 rdacarrier 
650 7 |a Parlamentswahl  |0 (DE-588)4173374-5  |0 (DE-603)08580455X  |2 gnd 
650 7 |a Minderheitenpolitik  |0 (DE-588)4170001-6  |0 (DE-603)085777463  |2 gnd 
650 7 |a Letten  |0 (DE-588)4111273-8  |0 (DE-603)085328669  |2 gnd 
650 7 |a Russen  |0 (DE-588)4051034-7  |0 (DE-603)085142204  |2 gnd 
650 7 |a Politische Resignation  |0 (DE-588)4175036-6  |0 (DE-603)085817961  |2 gnd 
650 7 |a Demokratie  |0 (DE-588)4011413-2  |0 (DE-603)085023183  |2 gnd 
650 7 |a Gesellschaftsbild  |0 (DE-588)4157063-7  |0 (DE-603)085673684  |2 gnd 
650 7 |a Spaltung  |0 (DE-588)4257311-7  |0 (DE-603)086367390  |2 gnd 
651 7 |a Lettland  |0 (DE-588)4074187-4  |0 (DE-603)085208876  |2 gnd 
700 1 |a Nakai, Ryo  |e Verfasser  |4 aut  |0 (DE-603)488854091 
773 0 8 |i Enthalten in  |t Journal of Baltic studies  |d London ˜[u.a.] œ: Routledge, part of the Taylor & Francis Group, 1972-  |h Online-Ressource  |x 1751-7877  |g Band 52, Heft 4 (2021), Seite 521-546  |w (DE-603)181873397  |w (DE-600)2254161-5 
856 |u https://doi.org/10.1080/01629778.2021.1968917  |x Verlag 
924 1 |9 2080  |a (DE-603)1175155284  |b DE-2080  |c HES  |d d  |g /